Financovanie inovačných aktivít na Slovensku bakalárska práca

Salvato in:
Dettagli Bibliografici
Autore principale: Mačanga, Vladimír
Ente Autore: Podnikovohospodárska fakulta EU so sídlom v Košiciach. Katedra ekonómie
Altri autori: Duľová Spišáková, Emília, 1983-
Natura: Libro
Lingua:slovacco
Pubblicazione: Košice 2015
Tags: Aggiungi Tag
Nessun Tag, puoi essere il primo ad aggiungerne!!

MARC

LEADER 00000nbm a2200000 4500
001 0206347
005 20240827092258.9
041 0 |a slo 
044 |a SK 
245 1 0 |a Financovanie inovačných aktivít na Slovensku  |b bakalárska práca  |c Vladimír Mačanga ; školiteľ: Emília Duľová Spišáková 
264 1 |a Košice  |c 2015 
300 |a 63 s. 
100 1 |a Mačanga, Vladimír 
700 1 |a Duľová Spišáková, Emília, 1983- 
710 2 |a Podnikovohospodárska fakulta EU so sídlom v Košiciach. Katedra ekonómie